| 000 | 00633cam a22001932 4500 | ||
|---|---|---|---|
| 001 | 0000001465 | ||
| 005 | 20151217155809.0 | ||
| 008 | 070312s xx 000 0 eng d | ||
| 040 |
_aKABU _cKABU |
||
| 050 | 0 |
_aHC865 _b.Z7H66 2002 |
|
| 110 | 2 |
_aKenya. _bMinistry of Finance and Planning. _@0000150234 |
|
| 245 | 1 | 0 | _aHoma Bay district development plan 2002-2008. |
| 260 |
_aNairobi : _bMinistry of Finance and Planning, _c[2002] |
||
| 300 | _aviii, 82 p. | ||
| 651 | 0 |
_aHoma Bay district (Kenya) _xEconomic policy. _@0000150247 |
|
| 908 | _a070312 | ||
| 950 | _@1 | ||
| 999 |
_c12551 _d12551 |
||